| 000 | 00353nam a2200145Ia 4500 | ||
|---|---|---|---|
| 008 | 191201s2019 xx 000 0 und d | ||
| 082 |
_a510 _bDIE |
||
| 100 | _aDINODIA, Jonardan | ||
| 245 | 0 | _aElements of Business Mathematics | |
| 250 | _a9th Rev | ||
| 260 |
_aN. Delhi _bJeevan Sons Publication |
||
| 300 | _aMISC | ||
| 650 | _aBBA | ||
| 942 |
_2ddc _cBK |
||
| 999 |
_c4622 _d4622 |
||